Normal view MARC view

Entry Personal Name

Number of records used in: 1

001 - CONTROL NUMBER

  • control field: 8658

003 - CONTROL NUMBER IDENTIFIER

  • control field: OSt

005 - DATE AND TIME OF LATEST TRANSACTION

  • control field: 20211028145710.0

008 - FIXED-LENGTH DATA ELEMENTS

  • fixed length control field: 211028|| aca||aabn | a|a d

040 ## - CATALOGING SOURCE

  • Original cataloging agency: OSt
  • Transcribing agency: OSt

100 ## - HEADING--PERSONAL NAME

  • Personal name: Hyder, G Sawad; Vijaykumar, Suchatha.
  • Miscellaneous information: 141923

670 ## - SOURCE DATA FOUND

  • Source citation: Work cat.: (OSt): Hyder, G Sawad; Vijaykumar, Suchatha. 141923, Metadata management tool for an asian digital media platform., 2016